000 00559 a2200169 4500
999 _c174410
_d174410
003 Nust
005 20170125162429.0
008 170125b xxu||||| |||| 00| 0 eng d
020 _a9698465006
020 _a9789698465001
040 _c0
082 _a338.9
100 1 _aAhmad, Javed.
245 1 0 _aHow to make Pakistan a rich country /
_cJaved Ahmad.
260 _aIslamabad
_bJ. Ahmad,
_c1999.
300 _a195 p.
500 _aUnknown Binding.
856 4 0 _3Amazon.com
_uhttp://www.amazon.com/exec/obidos/ASIN/9698465006/chopaconline-20
856 4 0 _3Amazon customer reviews
_uhttp://www.chopac.org/cgi-bin/tools/azrev.pl?q=9698465006
942 _cBK
_k338.9 JAV
_2ddc